000 00708nam a22001697a 4500
005 20260326095136.0
008 260325b |||||||| |||| 00| 0 eng d
082 _aUT 1576 C146 2021
100 _aCamingawan, John kenneth R.
_970163
245 _aE-service quality of online stores and E-word-of-mouth intention of online buyers in Digos City /
_cJohn Kenneth R. Camingawan and Johaiveer C. Naga
260 _aDigos City :
_bUMDC,
_c©July 2021.
300 _aviii, 55 pages ;
_billustration (some colors) :
_c30 cm.
500 _aIncludes references and appendices.
650 0 _aBusiness Administration
_xUndergraduate thesis.
_970164
700 _aJohaiveer C. Naga
_eresearcher.
_970165
942 _2ddc
_cUT
999 _c24479
_d24479